| 000 | 00850nam a2200265Ia 4500 | ||
|---|---|---|---|
| 003 | OSt | ||
| 005 | 20220930072709.0 | ||
| 006 | a|||||r|||| 00| 0 | ||
| 007 | ta | ||
| 008 | 220926b |||||||| |||| 00| 0 eng d | ||
| 024 | _a24780 | ||
| 037 | _cTheses | ||
| 040 |
_aCRL _cCRL _beng |
||
| 041 |
_2eng _aeng |
||
| 100 | _aSingh Namita | ||
| 110 | _aUniversity of Delhi. Faculty of Medical Sciences. Department of Radio-Diagnosis | ||
| 245 | 0 | _aComputed cranial tomography in the evaluation of brain tumors in adults | |
| 260 | _c1998 | ||
| 300 |
_a58p. _ap. _ccm. |
||
| 650 |
_aDIAGNOSIS _9519345 |
||
| 700 |
_a Lt Col G K Murthy Supervisor _9530292 |
||
| 700 | _aUniversity of Delhi. Faculty of Medical Sciences. Department of Radio-Diagnosis | ||
| 942 |
_cDIS _2CC |
||
| 999 |
_c864213 _d864213 |
||